Waste as a resource: a discussion paper on the changes needed for the development of a resource recover based waste strategy (Record no. 74684)

MARC details
000 -LEADER
fixed length control field 01400cab a2200241 4500
001 - CONTROL NUMBER
control field ABS68589
008 - FIXED-LENGTH DATA ELEMENTS--GENERAL INFORMATION
fixed length control field 041217n2004 000 0 eng u
035 ## - SYSTEM CONTROL NUMBER
System control number (Sirsi) u128353
100 ## - MAIN ENTRY--PERSONAL NAME
Personal name Lisney, R.
245 ## - TITLE STATEMENT
Title Waste as a resource: a discussion paper on the changes needed for the development of a resource recover based waste strategy
260 ## - PUBLICATION, DISTRIBUTION, ETC.
Date of publication, distribution, etc. 2004
490 ## - SERIES STATEMENT
Series statement Scientific and Technical Review
Volume/sequential designation 5(2) December 2004, 11-21(11)
520 ## - SUMMARY, ETC.
Summary, etc. A fundamental change in approach is needed if sustainable waste management solutions are to be found that can offer compliance with both current and forthcoming environmental regulations. Presents an alternative way of thinking about waste aimed at its more efficient exploitation as a natural resource, minimisation of its environmental impact and maximisation of the associated economic development opportunities. Makes recommendations concerning key actions required by strategists and decision makers at a national and local level that are needed to bring about the changes necessary to maximise the resource potential from waste. [Taken from journal abstract.]
590 ## - LOCAL NOTE (RLIN)
Local note ABS
650 ## - SUBJECT ADDED ENTRY--TOPICAL TERM
Topical term or geographic name entry element RESOURCE MANAGEMENT
650 ## - SUBJECT ADDED ENTRY--TOPICAL TERM
Topical term or geographic name entry element SUSTAINABLE DEVELOPMENT
650 ## - SUBJECT ADDED ENTRY--TOPICAL TERM
Topical term or geographic name entry element RECYCLING
650 ## - SUBJECT ADDED ENTRY--TOPICAL TERM
Topical term or geographic name entry element WASTE POLICY
690 ## - LOCAL SUBJECT ADDED ENTRY--TOPICAL TERM (OCLC, RLIN)
Topical term or geographic name as entry element ENVIRONMENTAL AND LAND CONSULTANCY-WASTE MANAGEMENT
700 ## - ADDED ENTRY--PERSONAL NAME
Personal name Riley, K.
700 ## - ADDED ENTRY--PERSONAL NAME
Personal name Banks, C.
942 ## - ADDED ENTRY ELEMENTS (KOHA)
Suppress in OPAC 0
Holdings
Withdrawn status Lost status Source of classification or shelving scheme Damaged status Not for loan Home library Current library Shelving location Date acquired Total Checkouts Full call number Barcode Date last seen Copy number Price effective from Koha item type
    Dewey Decimal Classification     London London Journal article 17/12/2004   ABS68589 128353-1001 06/08/2019 1 06/08/2019 Journal article